Dům v Matoušově ulici / Tereza Boučková
Román, který v sobě skrývá prvky autobiografické i biografické, historické i společenské a dějově zahrnuje celé poslední století. V roce 1927 koupil dům v Matoušově ulici na Smíchově vdovec, židovský právník Eduard Schwarz, aby pro sebe a svou rodinu získal důstojné sídlo. Měl štěstí, že zemřel dřív než začala druhá světová válka. Tereza Boučková, která v domě od narození do své dospělosti žila a před několika lety se tam zase vrátila, nám ve svém románu předkládá téměř sto let trvající příběh Schwarzových potomků, ale i dalších obyvatel domu, vpletený do dějin dvacátého století. Autorka po jejich osudech doslova v přímém přenosu pátrá a je to tak intenzivní, že se čtenáři nechce knížku odložit, dokud ji nedočte do konce. Emotivně, s ironií, ale i smutkem píše o lidech, které chtěly obě zrůdné ideologie, nacismus a komunismus, ponížit, okrást, zavřít anebo zavraždit. Nakladatelská anotace.
Record details
- ISBN: 978-80-207-2234-8
- Physical Description: 201 stran ; 21 cm
- Edition: Vydání první
- Publisher: Praha : Odeon, 2024
Search for related items by subject
| Genre: | české romány autobiografické romány společenské romány Czech fiction autobiographical novels social novels |
Available copies
- 1 of 1 copy available at Common Catalog SPOK.
Holds
- 0 current holds with 1 total copy.
Show All Copies
| Location | Call Number / Copy Notes | Barcode | Shelving Location | Status | Due Date |
|---|---|---|---|---|---|
| The Jewish community of Prague | K 3989 | 4638304939 | K - Beletrie | Available | - |
| LDR | 03342nam a2200661 i 4500 | ||
|---|---|---|---|
| 001 | 57960 | ||
| 003 | CZ-PrJAB | ||
| 005 | 20240919154948.0 | ||
| 007 | ta | ||
| 008 | 240829s2024 xr g 000 facze | ||
| 015 | . | ‡acnb003599890 | |
| 020 | . | ‡a978-80-207-2234-8 ‡q(vázáno) | |
| 035 | . | ‡a(CZ PrNK)nkc20243599890 | |
| 040 | . | ‡aABG001 ‡bcze ‡erda | |
| 043 | . | ‡ae-xr--- ‡be-xr-pg ‡2czenas | |
| 045 | . | ‡ax-y- | |
| 072 | 7. | ‡a821.162.3-3 ‡xČeská próza ‡2Konspekt ‡925 | |
| 072 | 7. | ‡a929 ‡xBiografie ‡2Konspekt ‡98 | |
| 080 | . | ‡a821.162.3-31 ‡2MRF | |
| 080 | . | ‡a821.162.3-055.2 ‡2MRF | |
| 080 | . | ‡a728 ‡2MRF | |
| 080 | . | ‡a365-057.65 ‡2MRF | |
| 080 | . | ‡a929 ‡2MRF | |
| 080 | . | ‡a94(437.3) ‡2MRF | |
| 080 | . | ‡a(437.3) ‡2MRF | |
| 080 | . | ‡a(437.311) ‡2MRF | |
| 080 | . | ‡a(0:82-312.6) ‡2MRF | |
| 080 | . | ‡a(0:82-311.4) ‡2MRF | |
| 100 | 1 | . | ‡aBoučková, Tereza, ‡d1957- ‡7jn19990209069 ‡4aut |
| 245 | 1 | 0. | ‡aDům v Matoušově ulici / ‡cTereza Boučková |
| 250 | . | ‡aVydání první | |
| 264 | 1. | ‡aPraha : ‡bOdeon, ‡c2024 | |
| 300 | . | ‡a201 stran ; ‡c21 cm | |
| 336 | . | ‡atext ‡btxt ‡2rdacontent | |
| 337 | . | ‡abez média ‡bn ‡2rdamedia | |
| 338 | . | ‡asvazek ‡bnc ‡2rdacarrier | |
| 520 | 2 | . | ‡aRomán, který v sobě skrývá prvky autobiografické i biografické, historické i společenské a dějově zahrnuje celé poslední století. ‡bV roce 1927 koupil dům v Matoušově ulici na Smíchově vdovec, židovský právník Eduard Schwarz, aby pro sebe a svou rodinu získal důstojné sídlo. Měl štěstí, že zemřel dřív než začala druhá světová válka. Tereza Boučková, která v domě od narození do své dospělosti žila a před několika lety se tam zase vrátila, nám ve svém románu předkládá téměř sto let trvající příběh Schwarzových potomků, ale i dalších obyvatel domu, vpletený do dějin dvacátého století. Autorka po jejich osudech doslova v přímém přenosu pátrá a je to tak intenzivní, že se čtenáři nechce knížku odložit, dokud ji nedočte do konce. Emotivně, s ironií, ale i smutkem píše o lidech, které chtěly obě zrůdné ideologie, nacismus a komunismus, ponížit, okrást, zavřít anebo zavraždit. Nakladatelská anotace. |
| 600 | 1 | 7. | ‡aBoučková, Tereza, ‡d1957- ‡7jn19990209069 ‡2czenas |
| 648 | 7. | ‡a20.-21. století ‡7ch462155 ‡2czenas | |
| 650 | 0 | 7. | ‡ačeské spisovatelky ‡7ph128153 ‡y20.-21. století ‡2czenas |
| 650 | 0 | 7. | ‡adům čp. 12 (Matoušova ulice, Praha, Česko) ‡7ph1238142 ‡2czenas |
| 650 | 0 | 7. | ‡aobyvatelé domů ‡7ph926044 ‡zČesko ‡y20.-21. století ‡2czenas |
| 650 | 0 | 9. | ‡aCzech women authors ‡y20th-21st centuries ‡2eczenas |
| 650 | 0 | 9. | ‡ahouse nr. 12, Matoušova Street (Prague, Czechia) ‡2eczenas |
| 650 | 0 | 9. | ‡ahouseholders ‡zCzechia ‡y20th-21st centuries ‡2eczenas |
| 651 | 7. | ‡aČesko ‡7ge128065 ‡xdějiny ‡y20.-21. století ‡2czenas | |
| 651 | 7. | ‡aPraha (Česko) ‡7ge118011 ‡2czenas | |
| 651 | 9. | ‡aCzechia ‡xhistory ‡y20th-21st centuries ‡2eczenas | |
| 651 | 9. | ‡aPrague (Czechia) ‡2eczenas | |
| 655 | 7. | ‡ačeské romány ‡7fd133974 ‡2czenas | |
| 655 | 7. | ‡aautobiografické romány ‡7fd131852 ‡2czenas | |
| 655 | 7. | ‡aspolečenské romány ‡7fd760851 ‡2czenas | |
| 655 | 9. | ‡aCzech fiction ‡2eczenas | |
| 655 | 9. | ‡aautobiographical novels ‡2eczenas | |
| 655 | 9. | ‡asocial novels ‡2eczenas | |
| 910 | . | ‡aABE461 | |
| 995 | . | ‡aska | |
| 901 | . | ‡a57960 ‡bAUTOGEN ‡c57960 ‡tbiblio | |